00531nam a2200193Ia 4500008004100000041001200041082001200053100002700065245004600092260003800138300000800176365000700184520001400191546001200205630004600217650001400263655001400277730004600291101110s9999 xx 000 0 und d aENGLISH bSR24540 aZarapkar S.S. & others aConcepts in organic chemistry (S.Y.B.Sc.) c2003bChetana Publication, Mumbai a186 b70 aChemistry aENGLISH aConcepts in organic chemistry (S.Y.B.Sc.) aChemistry aChemistry aConcepts in organic chemistry (S.Y.B.Sc.)